00796nam a2200277Ia 4500008004100000020001800041100003700059245002400096245005900120250002300179260002800202300001100230440001400241650002400255650002500279650002300304700002000327264001400347336002700361337003300388338002800421040003500449084001100484942000800495999001500503141031s9999 xx 000 0 und d a9789587046939 aYourcenar, Marguerite, 1903-1987 aCuentos orientales  b Marguerite Yourcenar ; traducción de Emma Calatayud a1a ed., 5a reimpr. b Punto de lectura, 2013 a133 p. aNarrativa a Cuentos Franceses  a Literatura Francesa aAutores Franceses  aCalatayud, Emma aBogotá  atextobtxt2rdacontent asin mediaciónbn2rdamedia avolumenbnc2rdacarrier aCO-BoRNBPbspaerdacCO-BoRNBP aC YOU1 2loc c3069d3069